Регионална библиотека "Любен Каравелов" - Русе

История на българската музикална култура (Запис номер 152465)

MARC детайли
000 -Лидер
Контролно поле с фиксирана дължина 01353nam a2200361 a 4500
003 - Код на организацията, давaща контролен номер
Контролно поле BLK
005 - Дата и час на последна редакция
Контролно поле 20230801122140.0
008 - Елементи от данни с фиксирана дължина
fixed length control field 180410b bul|||||r ||||||| ||bul||
010 ## - Наследен системен номер
LC control number KNG00158946000
040 ## - Източник на каталожния запис
Идентификатор на билиотеката - собственик на записа BLK
041 ## - Код за език
Код за езика на текст/звукозапис или на отделно заглавие Български
Код за езика КДБФ Български
080 ## - УДК
Текстов определител УДК История на музиката
УДК код - определител по УДК 78.03
УДК определител (497.2)
УДК - код + определител 78.03(497.2)
100 ## - Редна дума - Автор
Автор Хлебаров, Иван Атанасов
Дати, свързани с автора 1934-2015
R(LIN) 375378
139 ## - Редно поле
Редна дума Хлебаров, Иван Атанасов
Авторски знак Хле - Х 56
245 10 - Сведения за заглавието
Заглавие История на българската музикална култура
Подзаглавни данни Увод
Редно поле (дума) Иван Атанасов Хлебаров.
257 ## - Страна на издаване
Страна на създаване/издаване България
260 ## - Област на издателските данни
Място на издаване, разпространение и проч. София
Име на издателя, разпространителя и проч. Музика
Година на издаване 1985
Печатница Ямбол : Г. Димитров
300 ## - Физическа характеристика
Страници 240 с.
Илюстрации и др. с ноти
Размери/Мащаб 22 см
380 ## - Жанр
Жанр Изкуство
500 ## - Общи забележки
Забележка 4 104 тир. - Библиогр. с. 231-237. - Цена 0,90 лв.
650 #4 - Допълнително описание по предмет – тема
Основно описание – тема или топоним Музика - България - история
9 (RLIN) 261617
651 #4 - Допълнително описание по предмет - топоним
Географско понятие България
9 (RLIN) 241624
653 ## - Ключова дума – ненормативна
Ключова дума история на музиката
653 ## - Ключова дума – ненормативна
Ключова дума българска музика
653 ## - Ключова дума – ненормативна
Ключова дума България
852 ## - Местоположение
Форматна сигнатура Цб 138325
Фондова буква Хранилище
856 4# - Електронен адрес и достъп
Електронен формат pdf - файл
856 4# - Електронен адрес и достъп
Електронен формат pdf - файл
942 ## - АРТИКУЛИ
Вид на библиотечния материал Книги
Скрит в OPAC Не
Koha issues (borrowed), all copies 4
944 ## - СЪЗДАВАНЕ И РЕДАКЦИЯ на ЗАПИСА
Създаване/Редакция Създаване
Дата на регистрацията/редакция 01.04.2014
Статус, дата на статуса Теодора Пейчева-Дянкова
Служител, извършил регистрацията/редакцията 30556
944 ## - СЪЗДАВАНЕ И РЕДАКЦИЯ на ЗАПИСА
Създаване/Редакция Редакция
Дата на регистрацията/редакция 11.07.2023
Служител, извършил регистрацията/редакцията ир
999 ## - СИСТЕМНИ КОНТРОЛНИ НОМЕРА
Koha biblionumber 152465
Koha biblioitemnumber 152465
999 ## - СИСТЕМНИ КОНТРОЛНИ НОМЕРА
Koha biblioitemnumber 152465
Наличности
Код за отписване Код за изгубен артикул Източник на класификационната схема Код за повреда Коз за рестрикции Код за отдаване Артикулен № Име на библиотеката - собственик Име на библиотеката, в която се намира в момента Статус (Текущо местоположение) Дата на вписване в системата Местоположение - отдел Цена в лева Инвентарен номер Систематично азбучна сигнатура Баркод Номер на екземпляра Цена в евро Служебна бележка Служебен тип на артикула
  Не е изгубен Universal Decimal Classification Не е повреден само за читалня ползва се в читалня 254791 Регионална библиотека "Любен Каравелов" Русе Регионална библиотека "Любен Каравелов" Русе Хранилище 1985-01-01 Хранилище 0.90 439342 Цб 138325 120000439342 1 0.46 Дост: Dp Вид: Д N: сф Дата: 01.01.1985 Книги
Изтеглен Не е изгубен Universal Decimal Classification Не е повреден без рестрикции заемане за дома 254792 Регионална библиотека "Любен Каравелов" Русе Регионална библиотека "Любен Каравелов" Русе Отдел Изкуство - подръчен фонд 1985-01-01 Отдел Изкуство - подръчен фонд 0.90 440349 78.03(497.2)/Х 56 440349 2 0.46 Дост: Pk Вид: Ф N: сф Дата: 01.01.1985 Книги
  Не е изгубен Universal Decimal Classification Не е повреден без рестрикции заемане за дома 254793 Регионална библиотека "Любен Каравелов" Русе Регионална библиотека "Любен Каравелов" Русе Отдел Изкуство - подръчен фонд 1985-01-01 Отдел Изкуство - подръчен фонд 0.54 613645 78.03(497.2)/Х 56 120000613645 3 0.28 Дост: Pk Вид: Ф N: сф Дата: 01.01.1985 Дата инв: 03.04.2017 Бележки инв: ИП2017 Книги
Vip Innovations Ltd, Rousse, Bulgaria 2025